Представление документа в формате MARC21

Поле Инд. ПП Название Значение
Тип записи a
Библиографический уровень m
001 Контрольный номер 303af604-9f0a-4d0b-a28a-d6e222e550dc
005 Дата корректировки 20140703142305.1
008 Кодируемые данные 020522
020 c Цена, тираж б/ц
040 a Служба первич. каталог. НБ ТвГУ
041 a Код языка текста rus
080 a Индекс УДК 811.112.2'366.584(043.3)
084 a Индекс другой классификации/Индекс ББК Ш143.24-212.5-01я031
090 a Полочн. индекс Ш143.24
x Авторский знак Л36
100 1_ a Автор Левитов Юзеф Львович
245 10 a Заглавие Средства выражения будущего времени в современном немецком языке (на материале художественной прозы)
b Продолж. заглавия автореф. дис. ... канд. филол. наук : 663
c Ответственность М-во просвещения РСФСР, Калинин. гос. пед. ин-т им. М. И. Калинина
260 0_ a Место издания Калинин
b Издательство КГПИ
c Дата издания 1969
300 a Объем 23, [1] с.
b Иллюстрации/ тип воспроизводства табл.
500 a Примечание На правах рукоп.
504 a Библиография Библиогр. в конце кн. и в подстроч. примеч.
583 a Действие Получение впервые 42 10.02.2006
650 a Основная рубрика Немецкий язык
x Основная подрубрика Будущее время (лингв.)
x Основная подрубрика Грамматика
x Основная подрубрика Футурум
x Основная подрубрика Части речи
650 a Основная рубрика Глагол в немецком языке
x Основная подрубрика Грамматические категории
653 a Ключевые слова Авторефераты
a Ключевые слова Будущее время (лингв.)
a Ключевые слова Времена глаголов
a Ключевые слова Глагол в немецком языке
a Ключевые слова Грамматика немецкого языка
a Ключевые слова Грамматические категории
a Ключевые слова Немецкий язык
a Ключевые слова Футурум
a Ключевые слова Части речи
700 1_ a Другие авторы Левитов Юзеф Львович см. также Левитов Юрий Львович
e Роль лиц авт.
700 1_ a Другие авторы Левитов Юрий Львович см. также Левитов Юзеф Львович
e Роль лиц авт.
852 t Порядковый номер экземпляра 2
p Инвентарный номер б/н
888 a Бесплатные
930 a Новая/Ретро авторефераты
952 p 42.2006 б/ц 2 б/н
c Вид литературы А/Р н
954 a Дата поступления на обработку 20060215
999 a Подразделение 2 ч.з.